Znižovanie emisií CO2 cestnej dopravy v Európskej únii

Ekonomické a regulačné nástroje znižovania emisií z dopravy. Legislatíva Európskej únie týkajúca sa emisií CO2 spôsobených cestnou dopravou.

Salvato in:
Dettagli Bibliografici
Autore principale: Kurinec, Ján
Natura: Capitolo di libro
Lingua:slovacco
Soggetti:
Tags: Aggiungi Tag
Nessun Tag, puoi essere il primo ad aggiungerne!!

MARC

LEADER 00000naa a2200000 4500
001 r040042
005 20230825084407.0
041 0 |a slo 
044 |a SK 
245 1 0 |a Znižovanie emisií CO2 cestnej dopravy v Európskej únii  |c Ján Kurinec 
520 |a Ekonomické a regulačné nástroje znižovania emisií z dopravy. Legislatíva Európskej únie týkajúca sa emisií CO2 spôsobených cestnou dopravou. 
610 2 0 |a doprava cestná 
610 2 0 |a ochrana ovzdušia 
610 2 0 |a ochrana prostredia životného 
610 2 0 |a emisie 
610 2 0 |a Európska únia 
610 2 0 |a legislatíva 
610 2 0 |a opatrenia 
100 1 |a Kurinec, Ján